Συνεργασία και συμπλοιοκτησία στην ελληνική φορτηγό ναυτιλία : η περίοδος του Μεσοπολέμου
Αποθηκεύτηκε σε:
| Κύριος συγγραφέας: | |
|---|---|
| Μορφή: | Βιβλίο |
| Γλώσσα: | Greek |
| Δημοσίευση: |
Αθήνα :
Μορφωτικό Ίδρυμα Εθνικής Τραπέζης,
1996
|
| Σειρά: | Μελέτες οικονομικής ιστορίας
|
| Θέματα: | |
| Ετικέτες: |
Προσθήκη ετικέτας
Δεν υπάρχουν, Καταχωρήστε ετικέτα πρώτοι!
|
MARC
| LEADER | 00000nam a2200000 i 4500 | ||
|---|---|---|---|
| 001 | 1/92631 | ||
| 008 | 991115s1996 gre d | ||
| 035 | |l 10054119 | ||
| 040 | |a GR-MY-UA |b gre |e aacr | ||
| 041 | 0 | |a gre | |
| 082 | 0 | |a 387.5109495 | |
| 100 | 0 | |a Χλωμούδης, Κωνσταντίνος. | |
| 245 | 1 | 0 | |a Συνεργασία και συμπλοιοκτησία στην ελληνική φορτηγό ναυτιλία : |b η περίοδος του Μεσοπολέμου / |c Κωνσταντίνου Χλωμούδη |
| 260 | |a Αθήνα : |b Μορφωτικό Ίδρυμα Εθνικής Τραπέζης, |c 1996 | ||
| 490 | 1 | |a Μελέτες οικονομικής ιστορίας | |
| 504 | |a Περιλαμβάνει βιβλιογραφία | ||
| 650 | 0 | 0 | |a Shipping |x Economic aspects |z Greece. |
| 650 | 0 | 0 | |a Ships |x Cargo |z Greece. |
| 650 | 0 | 0 | |a Cooperation |z Greece. |
| 650 | 0 | 0 | |a Property |z Greece. |
| 830 | 0 | |a Μελέτες οικονομικής ιστορίας | |
| 852 | |a INST |b CHIOS |e 19991115 |h 387.5109495 ΧΛΩ |p 005200019574 |q 005200019574 |t BK |y 0 | ||
| 901 | |a BIBL2-1999-3 | ||
| 909 | |a X |b 069598 | ||
| 922 | |a 2ΕΛΗ |b 199910 |c ΤΝΕΥ |d EMVASIS | ||
| 950 | |a 125-1999-07-17 | ||
| 970 | |a ΣΑΛΑΜΟΥΡΑ |b ΜΑΡΙΑ |z 1999/11/16 | ||